177 - Né(es) un 26 juin. - Statistiques

Statistiques générales
  • Ce quiz a été pris 10 fois
  • Le résultat moyen est 5 sur 26
Statistiques - réponses
Hint Année de naissance Réponse % Correct
On lui doit "Bienvenue chez les Ch'tis" et "La Maison du bonheur". 1966 Dany Boon|Daniel Farid Hamidou
63%
Physicien britannique reconnu pour ses travaux en thermodynamique qui a laissé son nom à l'échelle de température, dite "absolue". 1824 William Thomson|Lord Kelvin
63%
Il interprète le personnage de Quasimodo dans la comédie musicale "Notre-Dame de Paris" en 1998. 1972 Garou|Pierre Garand
50%
Footballeur international italien qui a effectué l'intégralité de sa carrière à l'AC Milan au poste de défenseur. 7 fois champion d'Italie. 1968 Paolo Maldini
50%
Joueur de basket français international passé par les Timberwolves du Minnesota et les Jazz de l'Utah. 1992 Rudy Gobert|Rudy Gobert-Bourgarel
50%
Fondateur et représentant majeur du mouvement littéraire de la négritude avec Léopold Sédar Senghor et Léon-Gontran Damas. 1913 Aimé Césaire
38%
Coureur cycliste américain, vainqueur à trois reprises du Tour de France (1986, 1989 et 1990) et deux fois du titre mondial sur route (1983 et 1989). 1961 Greg LeMond|Gregory James LeMond
38%
Footballeur international français passé par l'OM, Arsenal FC et Manchester City. 1987 Samir Nasri
38%
Actrice principale de la série "Julie Lescaut". 1956 Véronique Genest|Véronique Combouilhaud
38%
Guitariste, chanteur et compositeur brésilien qui fut ministre de la culture du gouvernement Lula da Silva. 1942 Gilberto Gil|Gilberto Passos Gil Moreira
25%
Journaliste, présentateur et chroniqueur franco-algérien, membre du Conseil supérieur de l'audiovisuel (CSA) de 2007 à 2013. 1955 Rachid Arhab
25%
Son premier single "The Way", en duo avec Mac Miller, arriva en tête du Billboard Hot 100. 1993 Ariana Grande|Ariana Grande-Butera
13%
Chanteur américain connu pour "Blue Hotel" et "Wicked Game". 1956 Chris Isaak|Christopher Isaak
13%
Impresario exclusif d'Elvis Presley. 1909 Colonel Parker Andreas|Cornelis van Kuijk|Thomas Andrew Parker|Tom Parker
13%
On lui doit "La Môme" (2008), "Grace de Monaco" (2014) et "Simone, le voyage du siècle" (2022). 1967 Olivier Dahan
13%
Président de la république du Chili du 3 novembre 1970 à sa mort, le 11 septembre 1973. 1908 Salvador Allende|Salvador Guillermo Allende Gossens
13%
Auteur de "De l'universalité de la langue française", disciple de Voltaire, connu pour avoir défendu des positions monarchistes pendant la Révolution française. 1753 Antoine de Rivarol|Rivarol|Antoine Rivaroli
0%
Candidat à l'élection présidentielle de 2017. Il obtint 6,4% des suffrages. 1967 Benoît Hamon
0%
Compositeur de la musique des "Trois Jours du condor", "Tootsie" et "La Firme". 1934 Dave Grusin
0%
Ambassadrice en France de The Walt Disney Company de 1984 à 1989, connu pour être l'interprète de "Bernard et Bianca" et "Basil". 1963 Douchka Esposito|Douchka Bojidarka Esposito
0%
Réalisateur, scénariste et auteur de chansons populaires français a qui l'on doit notamment "Le Passe-Muraille" (1951). 1901 Jean Boyer
0%
Pilote de vitesse moto italien, 4 fois champion du monde en 250 cm3. 1971 Max Biaggi|Massimiliano Biaggi|L'empereur romain|Max la menace|Mad Max
0%
Joueur de football français du FC Nantes avec lequel il remporte le championnat de France à trois reprises ainsi qu'une Coupe de France. 1955 Maxime Bossis|le grand Max
0%
Ancien PDG de Ioukos, emprisonné en 2003 pour "escroquerie à grande échelle" et "évasion fiscale", gracié en 2013. 1963 Mikhaïl Borissovitch Khodorkovski|Mikhaïl Khodorkovski
0%
Acteur et réalisateur français vu dans "Janis et John", "J'ai toujours rêvé d'être un gangster". 1973 Samuel Benchetrit
0%
Ingénieur allemand, concepteur du principal chasseur allemand de la Luftwaffe durant la Seconde Guerre mondiale. 1898 Willy Messerschmitt|Wilhelm Emil Messerschmitt
0%
Aucun quiz correspondant
Distribution des résultats
% des personnes avec chaque résultat
Percentile par nombre de réponses
Votre historique - résultats
Vous n’avez pas pris ce quiz